000
00218 a2200097 4500
001
48371
100
_a
Hillary, S.E
245
_a
No latitude for error
260
_a
London
_b
Hodder Stoughton
_c
090
_c
31312
_d
31312
942
_a
NUST-CAE
_c
M
_c
23684
999
_c
283444
_d
283444